00383nam a2200133Ia 4500100003600000490000600036366000700042654003100049245009800080260003300178082001800211300000800229546001200237 aWilson/Sam J.A/ Risse/Joseph A  vI f15 aElectronic trouble shootin aElectronic trouble shooting and servicing techniques:With an introduction to digital circuits bThomson/DelmaraLondonc2003 a621.3815bWIL a308 aENGLISH